Statistics for Dog Day Afternoon Cast

Click here to take the quiz!

General Stats

  • This quiz has been taken 8 times
  • The average score is 5 of 23

Answer Stats

HintAnswer% Correct
Sonny WortzikAl Pacino
100%
Leon ShermerChris Sarandon
63%
Det. Sgt. Eugene MorettiCharles Durning
50%
Salvatore 'Sal' NaturileJohn Cazale
50%
Agent MurphyLance Henriksen
38%
Agent SheldonJames Broderick
25%
Sylvia 'Mouth'Penelope Allen
25%
MulvaneySully Boyar
25%
MariaAmy Levitt
13%
MargaretBeulah Garrick
13%
Jenny 'The Squirrel'Carol Kane
13%
Limo DriverDick Anthony Williams
13%
EdnaEstelle Omens
13%
StevieGary Springer
13%
Calvin JonesJohn Marriott
13%
MiriamMarcia Jean Kurtz
13%
DeborahSandra Kazan
13%
Sonny's FatherDominic Chianese
0%
Maria's BoyfriendEdwin "Chu Chu" Malave
0%
Sonny's MotherJudith Malina
0%
Pizza BoyLionel Pina
0%
DoctorPhilip Charles MacKenzie
0%
AngieSusan Peretz
0%

Score Distribution

Percentile by Number Answered

Percent of People with Each Score

Your Score History

You have not taken this quiz